000 00960nam a2200229Ia 4500
003 OSt
005 20221002043856.0
006 a|||||r|||| 00| 0
007 ta
008 220930b |||||||| |||| 00| 0 hin d
020 _a8171197310 (hbk)
_c1343
024 _a92903
037 _b575, 23/03/2009, Vani Prakashan
_cReference Collections
040 _aCRL
_cCRL
_bhin
041 _2hin
_ahin
082 _aO155xM27x, 152N6.1-.2 (RR)
100 _aमेश्राम, एल. जी., विमलकीर्ति, संपा.
_9568805
245 0 _aमहात्मा जोतिबा फुले रचनावली
260 _aनयी
_bदिल्ली राधाकृष्ण
_c1996
942 _hO155xM27x, 152N6.1-.2 (RR)
_cref
_2CC
999 _c909151
_d909151